[Event "World Amateur-ch U2300"]
[Site "Muscat"]
[Date "2023.11.09"]
[Round "8"]
[White "Anadkat, Kartavya"]
[Black "Abdilkhair, Abilmansur"]
[Result "1/2-1/2"]
[WhiteElo "2147"]
[BlackElo "2228"]
[PlyCount "125"]
[EventDate "2023.11.02"]
[EventType "swiss"]
[EventRounds "9"]
[EventCountry "OMN"]
[SourceTitle "CB46_2023"]
[SourceDate "2023.11.15"]
[SourceVersion "1"]
[SourceVersionDate "2023.11.15"]
[SourceQuality "1"]

1. e4 e5 2. Nf3 Nc6 3. Bc4 Nf6 4. d3 h6 5. a4 d6 6. 0-0 g5 7. c3 Bg7 8. Na3 0-0 9. Nc2 Ne7 10. a5 a6 11. Re1 Ng6 12. Ne3 c6 13. Bb3 Re8 14. Nf5 Bxf5 15. exf5 Ne7 16. g4 Nxg4 17. Nxg5 hxg5 18. Qxg4 Qd7 19. Qxg5 Qxf5 20. Qxf5 Nxf5 21. f4 d5 22. fxe5 Bxe5 23. Rf1 Ng7 24. Ra4 Re6 25. Bd1 Rae8 26. Rg4 Bc7 27. b4 Rg6 28. Bd2 Ree6 29. Rxg6 Rxg6+ 30. Kh1 f5 31. h4 f4 32. Rg1 Re6 33. Bg4 Rh6 34. h5 Kf7 35. Kg2 Nxh5 36. Bc8 b6 37. Bxa6 bxa5 38. bxa5 Rg6+ 39. Kf2 Rxg1 40. Kxg1 Bxa5 41. d4 Ke7 42. Kf2 Nf6 43. Bxf4 Bxc3 44. Ke3 Kd7 45. Bf1 Ne4 46. Kd3 Ba1 47. Bh3+ Kd8 48. Bf5 Nc3 49. Bg5+ Kc7 50. Bf4+ Kb6 51. Bd2 Nb5 52. Be3 Nd6 53. Bg4 Kb5 54. Bd7 Nc4 55. Bf2 Nb6 56. Be8 Na8 57. Bg3 Nb6 58. Bf2 Na4 59. Bd7 Nc3 60. Bf5 Na2 61. Kc2 Nb4+ 62. Kb3 c5 63. Bd7+ 1/2-1/2

[Event "World Amateur-ch U2300"]
[Site "Muscat"]
[Date "2023.11.05"]
[Round "4"]
[White "Majumder, Shrayan"]
[Black "Anadkat, Kartavya"]
[Result "0-1"]
[WhiteElo "1921"]
[BlackElo "2147"]
[PlyCount "88"]
[EventDate "2023.11.02"]
[EventType "swiss"]
[EventRounds "9"]
[EventCountry "OMN"]
[SourceTitle "CB46_2023"]
[SourceDate "2023.11.15"]
[SourceVersion "1"]
[SourceVersionDate "2023.11.15"]
[SourceQuality "1"]

1. d4 Nf6 2. Nf3 e6 3. c4 b6 4. g4 d5 5. Ne5 Bb4+ 6. Bd2 Bxd2+ 7. Nxd2 0-0 8. Bg2 Bb7 9. Qc2 Nbd7 10. g5 Ne8 11. h4 c5 12. Qa4 Nxe5 13. dxe5 Qc7 14. f4 dxc4 15. Bxb7 Qxb7 16. 0-0-0 b5 17. Qc2 Rd8 18. Ne4 Rd4 19. Nxc5 Qd5 20. Na6 g6 21. Qc3 Rxd1+ 22. Rxd1 Qg2 23. Nc5 Nc7 24. Nd7 Nd5 25. Qf3 Qxf3 26. exf3 Rd8 27. Nf6+ Kg7 28. h5 gxh5 29. f5 h4 30. f4 h3 31. fxe6 fxe6 32. f5 Kf7 33. Nxd5 Rxd5 34. Rh1 exf5 35. Rxh3 Rxe5 36. Rxh7+ Kg6 37. Rxa7 f4 38. Ra8 Kxg5 39. a4 bxa4 40. Rxa4 f3 41. Kd2 f2 42. Ra1 Kf4 43. Rf1 Kf3 44. Kc3 Re4 0-1

[Event "IND-ch U19"]
[Site "Ahmedabad"]
[Date "2023.09.28"]
[Round "11"]
[White "Adireddy, Arjun"]
[Black "Anadkat, Kartavya"]
[Result "1-0"]
[WhiteElo "2057"]
[BlackElo "2177"]
[PlyCount "57"]
[EventDate "2023.09.20"]
[EventType "swiss"]
[EventRounds "11"]
[EventCountry "IND"]
[SourceTitle "EXT 2024"]
[Source "ChessBase"]
[SourceDate "2023.10.10"]
[SourceVersion "1"]
[SourceVersionDate "2023.10.10"]
[SourceQuality "1"]

1. e4 e5 2. Nf3 Nc6 3. Bb5 a6 4. Ba4 d6 5. c3 f5 6. Qe2 fxe4 7. Qxe4 Nf6 8. Qe2 Be7 9. 0-0 Bg4 10. h3 Bh5 11. g4 Bg6 12. d4 0-0 13. Bxc6 bxc6 14. dxe5 Nd5 15. Nd4 dxe5 16. Ne6 Qd6 17. Nxf8 Rxf8 18. Be3 e4 19. Nd2 Qe5 20. Rae1 Bd6 21. f4 Nxf4 22. Rxf4 Rxf4 23. Bxf4 Qxf4 24. Nxe4 Bxe4 25. Qxe4 Qg3+ 26. Kf1 Qxh3+ 27. Ke2 h6 28. Kd1 Qh2 29. Qe6+ 1-0

[Event "IND-ch U19"]
[Site "Ahmedabad"]
[Date "2023.09.23"]
[Round "5"]
[White "Priansh, Das"]
[Black "Anadkat, Kartavya"]
[Result "1-0"]
[WhiteElo "1846"]
[BlackElo "2177"]
[PlyCount "63"]
[EventDate "2023.09.20"]
[EventType "swiss"]
[EventRounds "11"]
[EventCountry "IND"]
[SourceTitle "EXT 2024"]
[Source "ChessBase"]
[SourceDate "2023.10.10"]
[SourceVersion "1"]
[SourceVersionDate "2023.10.10"]
[SourceQuality "1"]

1. e4 e5 2. Nf3 Nc6 3. Bc4 Nf6 4. d3 h6 5. c3 d6 6. 0-0 g5 7. Be3 Bg7 8. Bb3 g4 9. Ne1 d5 10. exd5 Nxd5 11. Nd2 f5 12. Qe2 Nxe3 13. fxe3 Qe7 14. g3 Bd7 15. Ng2 0-0-0 16. e4 f4 17. gxf4 h5 18. fxe5 Bxe5 19. d4 Nxd4 20. cxd4 Bxd4+ 21. Kh1 h4 22. Nf4 Rhe8 23. Rac1 Qg5 24. Bf7 Re5 25. Nc4 Re7 26. Nd5 Rxf7 27. Nd6+ Kb8 28. Nxf7 Qg8 29. Nxd8 Qxd8 30. Rf7 c6 31. Qd2 Be5 32. Ne3 1-0

[Event "IND-ch U19"]
[Site "Ahmedabad"]
[Date "2023.09.22"]
[Round "4"]
[White "Anadkat, Kartavya"]
[Black "Borkhetariya Devarsh, M."]
[Result "1-0"]
[WhiteElo "2177"]
[BlackElo "1732"]
[PlyCount "83"]
[EventDate "2023.09.20"]
[EventType "swiss"]
[EventRounds "11"]
[EventCountry "IND"]
[SourceTitle "EXT 2024"]
[Source "ChessBase"]
[SourceDate "2023.10.10"]
[SourceVersion "1"]
[SourceVersionDate "2023.10.10"]
[SourceQuality "1"]

1. e4 e5 2. Nf3 Nf6 3. Nxe5 d6 4. Nf3 Nxe4 5. Nc3 Nf6 6. d4 Be7 7. Bd3 0-0 8. 0-0 Re8 9. h3 a6 10. Ne2 b5 11. a4 bxa4 12. c4 Bb7 13. Ng3 Nbd7 14. Rxa4 Bf8 15. Ra2 g6 16. Bg5 h6 17. Be3 Ne4 18. Nxe4 Bxe4 19. Bxe4 Rxe4 20. Qd3 d5 21. Rfa1 Re6 22. c5 Nb8 23. b4 c6 24. Ne5 Ra7 25. f4 f5 26. Rf1 Rb7 27. Bd2 Bg7 28. Be1 Kh7 29. g3 Qf8 30. Rg2 Ra7 31. g4 Rb7 32. h4 Rf6 33. Kh2 Qc8 34. h5 gxh5 35. gxh5 Qf8 36. Rfg1 Ra7 37. Bh4 Re6 38. Rg6 Rxg6 39. Rxg6 Rc7 40. Bf6 Qc8 41. Qg3 Qh8 42. Rxh6+ 1-0

[Event "IND-ch 59th"]
[Site "New Delhi"]
[Date "2023.01.01"]
[Round "11"]
[White "Gautam, Kataria"]
[Black "Anadkat, Kartavya"]
[Result "1/2-1/2"]
[WhiteElo "1666"]
[BlackElo "2147"]
[PlyCount "120"]
[EventDate "2022.12.22"]
[EventType "swiss"]
[EventRounds "13"]
[EventCountry "IND"]
[SourceTitle "CBM 211 Extra"]
[Source "ChessBase"]
[SourceDate "2023.01.31"]
[SourceVersion "1"]
[SourceVersionDate "2023.01.31"]
[SourceQuality "1"]

1. d4 c5 2. d5 d6 3. c4 g6 4. e4 Bg7 5. Nc3 Nf6 6. Nf3 0-0 7. Nd2 e5 8. Be2 Ne8 9. h4 h5 10. g4 hxg4 11. h5 gxh5 12. Rxh5 f5 13. exf5 Nf6 14. Rg5 Nh7 15. Nde4 Bxf5 16. Rxf5 Rxf5 17. Bxg4 Qf8 18. Bxf5 Qxf5 19. Nxd6 Qh3 20. Nde4 Nd7 21. Be3 Nhf6 22. Nxf6+ Nxf6 23. Kd2 Kf7 24. Qb3 b6 25. Rg1 Bh6 26. Qd1 Qh2 27. Kc1 Rh8 28. Kb1 Bf4 29. a3 a6 30. Re1 Rg8 31. Rh1 Qg2 32. Re1 Qh2 33. Qe2 Rg2 34. Bxf4 Qxf4 35. Qxe5 Qxf2 36. Re2 Qf1+ 37. Ka2 Rxe2 38. Qxe2 Qxe2 39. Nxe2 Ke7 40. Kb3 Kd6 41. Kc3 Ne4+ 42. Kd3 Ke5 43. Nc3 Nf2+ 44. Ke3 Ng4+ 45. Kf3 Nf6 46. Ke3 Ng4+ 47. Kd3 Nf2+ 48. Kc2 Ng4 49. Na4 b5 50. Nxc5 Ne3+ 51. Kc3 Nxc4 52. Nxa6 Kxd5 53. Nb4+ Kc5 54. Nd3+ Kb6 55. Kb4 Ne3 56. Nf4 Nc2+ 57. Kc3 Ne3 58. Ne6 Ka5 59. Nf4 Nd1+ 60. Kc2 Nxb2 1/2-1/2

[Event "IND-ch 59th"]
[Site "New Delhi"]
[Date "2022.12.30"]
[Round "9"]
[White "Kushagra, Mohan"]
[Black "Anadkat, Kartavya"]
[Result "1/2-1/2"]
[WhiteElo "2390"]
[BlackElo "2147"]
[PlyCount "143"]
[EventDate "2022.12.22"]
[EventType "swiss"]
[EventRounds "13"]
[EventCountry "IND"]
[SourceTitle "CBM 211 Extra"]
[Source "ChessBase"]
[SourceDate "2023.01.31"]
[SourceVersion "1"]
[SourceVersionDate "2023.01.31"]
[SourceQuality "1"]

1. e4 e5 2. Nf3 Nc6 3. Bb5 a6 4. Ba4 Nf6 5. 0-0 Be7 6. Re1 b5 7. Bb3 0-0 8. a4 Bb7 9. d3 d5 10. axb5 axb5 11. Rxa8 Bxa8 12. exd5 Nxd5 13. Nc3 Nxc3 14. bxc3 Qd6 15. Qe2 Qg6 16. Bd5 Nd4 17. cxd4 Bxd5 18. dxe5 Ra8 19. c4 bxc4 20. dxc4 Be6 21. Nd4 Ra4 22. Qb2 Bxc4 23. Qb7 Bf8 24. Be3 Rb4 25. Qxc7 Rb1 26. Qa5 Bd5 27. f3 Qb6 28. Qxb6 Rxb6 29. Rc1 Rb8 30. Rc7 Re8 31. Bf4 g6 32. Nb5 Bb4 33. Nd6 Ra8 34. h4 h5 35. Bg5 Ba5 36. Rc1 Bb6+ 37. Kh2 Be6 38. Rb1 Bd4 39. Bf6 Be3 40. Kg3 Bd2 41. Ne4 Be3 42. Re1 Bd4 43. Ng5 Bf5 44. Ne4 Be6 45. Rd1 Be3 46. Rd3 Bc1 47. Rc3 Bh6 48. Rc7 Be3 49. Nd6 Bd2 50. Rb7 Bd5 51. Rb1 Be6 52. Rd1 Be3 53. Nb7 Bf5 54. Nd8 Bb6 55. Nc6 Be6 56. Rb1 Be3 57. Rb7 Bh6 58. Nd4 Bd5 59. Rb5 Bc4 60. Rc5 Ba2 61. Rb5 Bc4 62. Rb6 Be3 63. Rb4 Bd5 64. Ne2 Be6 65. Re4 Bd2 66. Nd4 Ra4 67. Kf2 Bc3 68. Nb5 Rxe4 69. fxe4 Bb4 70. Nc7 Kf8 71. Nd5 Bc5+ 72. Ke2 1/2-1/2

[Event "IND-ch U19"]
[Site "Pune"]
[Date "2022.07.18"]
[Round "9"]
[White "Anadkat, Kartavya"]
[Black "Mayank, Chakraborty"]
[Result "1/2-1/2"]
[WhiteElo "1847"]
[BlackElo "2069"]
[PlyCount "101"]
[EventDate "2022.07.12"]
[EventType "swiss"]
[EventRounds "11"]
[EventCountry "IND"]
[SourceTitle "EXT 2023"]
[Source "ChessBase"]
[SourceDate "2022.10.05"]
[SourceVersion "1"]
[SourceVersionDate "2022.10.05"]
[SourceQuality "1"]

1. e4 c5 2. Nf3 Nc6 3. d4 cxd4 4. Nxd4 Nf6 5. Nc3 e5 6. Ndb5 d6 7. Bg5 a6 8. Na3 b5 9. Bxf6 gxf6 10. Nd5 f5 11. Bxb5 axb5 12. Nxb5 Bb7 13. Nbc7+ Kd7 14. Nxa8 Bxa8 15. 0-0 fxe4 16. Qg4+ Ke8 17. Qxe4 Bg7 18. f4 Ne7 19. Nc7+ Qxc7 20. Qxa8+ Qc8 21. Qf3 Qc6 22. Qb3 e4 23. Rad1 d5 24. f5 Bf6 25. Kh1 Rg8 26. c3 Kf8 27. Rf4 Be5 28. Rh4 Nxf5 29. Rh3 Ne7 30. a4 Kg7 31. a5 Kh8 32. Qa3 Ng6 33. Rh5 e3 34. Rg1 Qf6 35. Rh3 e2 36. Qa1 d4 37. a6 Nf4 38. Rf3 Qc6 39. Qa5 f6 40. cxd4 Nxg2 41. d5 Qc2 42. a7 e1Q 43. Qxe1 Nxe1 44. Rxg8+ Kxg8 45. a8Q+ Kf7 46. Qa7+ Bc7 47. Rf2 Qc1 48. Rf1 Qc2 49. Rf2 Qc1 50. Rf1 Qc2 51. Rf2 1/2-1/2

[Event "IND-ch U19"]
[Site "Pune"]
[Date "2022.07.15"]
[Round "5"]
[White "Vignesh, R3333"]
[Black "Anadkat, Kartavya"]
[Result "1-0"]
[WhiteElo "2131"]
[BlackElo "1847"]
[PlyCount "71"]
[EventDate "2022.07.12"]
[EventType "swiss"]
[EventRounds "11"]
[EventCountry "IND"]
[SourceTitle "EXT 2023"]
[Source "ChessBase"]
[SourceDate "2022.10.05"]
[SourceVersion "1"]
[SourceVersionDate "2022.10.05"]
[SourceQuality "1"]

1. Nf3 Nf6 2. b3 d5 3. Bb2 Bg4 4. e3 Nbd7 5. Be2 c6 6. 0-0 Bxf3 7. Bxf3 e5 8. d3 Bc5 9. c4 0-0 10. cxd5 cxd5 11. d4 Bd6 12. dxe5 Bxe5 13. Bxe5 Nxe5 14. Qd4 Nxf3+ 15. gxf3 Rc8 16. Nc3 Qa5 17. Ne2 Rc2 18. Ng3 Rxa2 19. b4 Qa4 20. Rxa2 Qxa2 21. Ra1 Qc2 22. Rxa7 b5 23. Qc5 Qb1+ 24. Kg2 h5 25. h4 Qd3 26. Rb7 Qc4 27. Nf5 Qd3 28. Ne7+ Kh7 29. Qxb5 Qd1 30. Nf5 Qb1 31. Ng3 Rc8 32. Rxf7 Rc1 33. Rxf6 gxf6 34. Qxd5 Qxb4 35. Qf7+ Kh8 36. Nxh5 1-0

[Event "IND-ch U19"]
[Site "Pune"]
[Date "2022.07.14"]
[Round "4"]
[White "Anadkat, Kartavya"]
[Black "Srihari, Lakshmi"]
[Result "1/2-1/2"]
[WhiteElo "1847"]
[BlackElo "2286"]
[PlyCount "120"]
[EventDate "2022.07.12"]
[EventType "swiss"]
[EventRounds "11"]
[EventCountry "IND"]
[SourceTitle "EXT 2023"]
[Source "ChessBase"]
[SourceDate "2022.10.05"]
[SourceVersion "1"]
[SourceVersionDate "2022.10.05"]
[SourceQuality "1"]

1. e4 c5 2. Nf3 Nc6 3. d4 cxd4 4. Nxd4 Nf6 5. Nc3 d6 6. h4 h5 7. Bg5 e6 8. Qd2 Be7 9. 0-0-0 a6 10. f4 Bd7 11. Nf3 Qc7 12. e5 d5 13. f5 Ne4 14. Nxe4 dxe4 15. Bxe7 Nxe7 16. fxe6 Bxe6 17. Ng5 Bf5 18. Qd6 Rc8 19. Qxc7 Rxc7 20. Rd4 Nc6 21. Rc4 Kd8 22. Rc5 Re8 23. Bc4 Rxe5 24. Rxc6 bxc6 25. Nxf7+ Rxf7 26. Bxf7 Bg4 27. Re1 e3 28. Bc4 a5 29. Be2 Bxe2 30. Rxe2 Ke7 31. c3 Ke6 32. Kc2 Kf5 33. b4 Ke4 34. a4 Rf5 35. Re1 Rf2+ 36. Kb3 Kd3 37. bxa5 Kd2 38. Ra1 e2 39. a6 Rf8 40. Kb4 e1Q 41. Rxe1 Kxe1 42. Kc5 Kf2 43. Kxc6 Kxg2 44. a7 g5 45. hxg5 h4 46. Kb7 h3 47. g6 h2 48. g7 Rg8 49. a8Q Rxg7+ 50. Kb6+ Kg1 51. c4 h1Q 52. Qxh1+ Kxh1 53. c5 Rg4 54. a5 Rb4+ 55. Kc6 Ra4 56. Kb5 Ra2 57. c6 Rb2+ 58. Ka6 Rc2 59. Kb7 Rb2+ 60. Kc7 Ra2 1/2-1/2

[Event "Gujarat op 3rd"]
[Site "Ahmedabad"]
[Date "2022.04.01"]
[Round "3"]
[White "Delgado Ramirez, Neuris"]
[Black "Anadkat, Kartavya"]
[Result "1-0"]
[WhiteElo "2622"]
[BlackElo "2241"]
[PlyCount "57"]
[EventDate "2022.03.31"]
[EventType "swiss"]
[EventRounds "10"]
[EventCountry "IND"]
[SourceTitle "CBM 207 Extra"]
[Source "ChessBase"]
[SourceDate "2022.05.31"]
[SourceVersion "1"]
[SourceVersionDate "2022.05.31"]
[SourceQuality "1"]

1. e4 e5 2. Nf3 Nc6 3. Bb5 a6 4. Ba4 f5 5. Bxc6 bxc6 6. 0-0 fxe4 7. Nxe5 Nf6 8. d4 Bb7 9. Nc3 Qe7 10. Re1 d6 11. Nc4 d5 12. Na5 0-0-0 13. Na4 Qb4 14. Nxb7 Qxb7 15. Bg5 Bd6 16. Rc1 h6 17. Bxf6 gxf6 18. c4 Rdg8 19. cxd5 cxd5 20. Re3 Kd8 21. Nc5 Qc8 22. Qb3 Qf5 23. Nb7+ Ke7 24. Nxd6 cxd6 25. Rc7+ Ke6 26. f3 Rxg2+ 27. Kxg2 Qg5+ 28. Kh1 f5 29. fxe4 1-0

[Event "IND-chT 40th"]
[Site "Ahmedabad"]
[Date "2020.02.13"]
[Round "9.2"]
[White "Raja, Harshit"]
[Black "Anadkat, Kartavya"]
[Result "1-0"]
[WhiteElo "2472"]
[BlackElo "2152"]
[PlyCount "94"]
[EventDate "2020.02.07"]
[EventType "team-swiss"]
[EventRounds "9"]
[EventCountry "IND"]
[SourceTitle "CBM 194 Extra"]
[Source "ChessBase"]
[SourceDate "2020.03.31"]
[SourceVersion "1"]
[SourceVersionDate "2020.03.31"]
[SourceQuality "1"]
[WhiteTeam "Airports Authority"]
[BlackTeam "Gujarat"]
[WhiteTeamCountry "IND"]
[BlackTeamCountry "IND"]

1. e4 e5 2. Nf3 Nc6 3. Bb5 f5 4. d3 Nf6 5. 0-0 Bc5 6. exf5 0-0 7. Be3 Nd4 8. c3 Nxf3+ 9. Qxf3 Be7 10. Nd2 d5 11. Bg5 c6 12. Ba4 Ne8 13. Bxe7 Qxe7 14. Rae1 Bxf5 15. Qg3 e4 16. Bb3 Kh8 17. Qe3 Nf6 18. f3 Bg6 19. Bc2 Qf7 20. fxe4 dxe4 21. Nxe4 Qxa2 22. Nxf6 gxf6 23. Qc1 Qf7 24. d4 Rae8 25. Bf5 Kg7 26. Qf4 Rxe1 27. Rxe1 Re8 28. Rxe8 Qxe8 29. Kf2 Qf7 30. Bg4 Qb3 31. Qd2 Qd5 32. h4 Qe4 33. Kg3 a5 34. Bf3 Qe6 35. Qf4 a4 36. h5 Bc2 37. Qc7+ Kh6 38. Kf2 Bb3 39. Qb8 Qe7 40. Qf4+ Kg7 41. h6+ Kh8 42. d5 Qd8 43. d6 Be6 44. Bg4 Bd5 45. d7 Qf8 46. Qb4 Qd8 47. Qd6 Qb6+ 1-0

[Event "IND-chT 40th"]
[Site "Ahmedabad"]
[Date "2020.02.10"]
[Round "5.3"]
[White "Erigaisi, Arjun Kumar"]
[Black "Anadkat, Kartavya"]
[Result "1-0"]
[WhiteElo "2563"]
[BlackElo "2152"]
[PlyCount "195"]
[EventDate "2020.02.07"]
[EventType "team-swiss"]
[EventRounds "9"]
[EventCountry "IND"]
[SourceTitle "CBM 194 Extra"]
[Source "ChessBase"]
[SourceDate "2020.03.31"]
[SourceVersion "1"]
[SourceVersionDate "2020.03.31"]
[SourceQuality "1"]
[WhiteTeam "Telangana"]
[BlackTeam "Gujarat"]
[WhiteTeamCountry "IND"]
[BlackTeamCountry "IND"]

1. Nf3 f5 2. g3 Nf6 3. Bg2 g6 4. d4 Bg7 5. 0-0 0-0 6. b3 d6 7. Bb2 c6 8. c4 Qc7 9. Nbd2 a5 10. Qc2 Na6 11. a3 Re8 12. e4 fxe4 13. Nxe4 Bf5 14. Nfd2 Qd7 15. Nxf6+ exf6 16. Qc3 a4 17. bxa4 Nc7 18. a5 d5 19. a4 Bh6 20. f4 Bf8 21. Rfe1 h5 22. Nb3 Rad8 23. Rxe8 Qxe8 24. Re1 Qf7 25. c5 Re8 26. Rxe8 Qxe8 27. Kf2 Na6 28. Bc1 Be7 29. Bd2 Bd8 30. Nc1 Bg4 31. Qb3 Qe7 32. Bc3 Kf8 33. Bf1 Qe4 34. Bg2 Qe7 35. h3 Bc8 36. Ne2 Bf5 37. Bf1 Bd3 38. Bd2 Bc4 39. Qb1 Kf7 40. f5 g5 41. Ng1 Bxf1 42. Kxf1 Kf8 43. Kg2 Kg8 44. Kf2 Bc7 45. Nf3 Bb8 46. Be1 Qc7 47. Kg2 Qe7 48. Bf2 Kf8 49. Kf1 Ke8 50. Nd2 Kf8 51. Qd1 Qe8 52. Qb1 Qe7 53. Qb3 Kg7 54. Nf3 Kf8 55. h4 g4 56. Ng1 Kg8 57. Ne2 Kh8 58. Be3 Qe4 59. Bf2 Qe7 60. Be1 Qd7 61. Qb1 Qe7 62. Bd2 Kg8 63. Kf2 Bc7 64. Bf4 Bxa5 65. Bd6 Qe4 66. Qxe4 dxe4 67. Ke3 Nb4 68. Kxe4 Nd5 69. Kd3 Kf7 70. Nc1 Ke8 71. Nb3 Be1 72. Na1 Kd7 73. Nc2 Ba5 74. Ne3 Nxe3 75. Kxe3 Be1 76. Bf4 Ke7 77. Ke2 Bc3 78. Be3 Kd7 79. Bf2 Ba5 80. Be1 Bc7 81. Kd3 Kc8 82. Ke4 Kd7 83. Bf2 Bb8 84. d5 cxd5+ 85. Kxd5 Be5 86. Be1 Bb2 87. a5 Be5 88. Bf2 Bc3 89. Bd4 Be1 90. Bxf6 Bxg3 91. Bg5 Be1 92. f6 Bc3 93. f7 Bg7 94. Bf6 Bf8 95. Be5 Bh6 96. Bd6 g3 97. Bxg3 Ke7 98. a6 1-0

[Event "New Delhi Parsvnath op-A 18th"]
[Site "New Delhi"]
[Date "2020.01.09"]
[Round "1"]
[White "Yudin, Sergei"]
[Black "Anadkat, Kartavya"]
[Result "1-0"]
[WhiteElo "2508"]
[BlackElo "2082"]
[PlyCount "115"]
[EventDate "2020.01.09"]
[EventType "swiss"]
[EventRounds "10"]
[EventCountry "IND"]
[SourceTitle "CBM 194 Extra"]
[Source "ChessBase"]
[SourceDate "2020.03.31"]
[SourceVersion "1"]
[SourceVersionDate "2020.03.31"]
[SourceQuality "1"]

1. e4 e5 2. Nf3 Nc6 3. Bc4 Bc5 4. d3 Nf6 5. 0-0 0-0 6. Nbd2 d6 7. c3 a6 8. Bb3 h6 9. Re1 Be6 10. Nc4 Ba7 11. Be3 b5 12. Ncd2 Bxe3 13. Rxe3 Bxb3 14. Qxb3 d5 15. Ree1 dxe4 16. dxe4 Qe7 17. a4 Qc5 18. Qd1 Rfd8 19. Qe2 Rf8 20. Qd1 Rfd8 21. Qe2 Ne7 22. b4 Qb6 23. Red1 Qc6 24. Nf1 Nd7 25. axb5 axb5 26. Rxa8 Rxa8 27. Qd3 Nf6 28. Nxe5 Qxe4 29. Nd7 Qxd3 30. Nxf6+ gxf6 31. Rxd3 c6 32. g3 Nd5 33. Ne3 Nxe3 34. Rxe3 Ra1+ 35. Kg2 Rc1 36. g4 Kg7 37. Kg3 Kg6 38. Kf4 Rc2 39. Rf3 Re2 40. h4 Kg7 41. Kg3 Rc2 42. Rd3 Kf8 43. f3 Ke7 44. Kf4 Re2 45. Re3+ Rxe3 46. Kxe3 f5 47. Kf4 Ke6 48. gxf5+ Kf6 49. Ke4 Ke7 50. Kd4 Kd6 51. f6 Ke6 52. Kc5 Kd7 53. Kb6 Kd6 54. Kb7 Kd7 55. h5 Kd6 56. Kc8 c5 57. Kb7 Kd5 58. Kb6 1-0

[Event "Mumbai Wealth blitz op 5th"]
[Site "Mumbai"]
[Date "2020.01.04"]
[Round "2"]
[White "Anadkat, Kartavya"]
[Black "Aleksandrov, Aleksej"]
[Result "0-1"]
[WhiteElo "1982"]
[BlackElo "2481"]
[PlyCount "97"]
[EventDate "2020.01.04"]
[EventType "swiss (blitz)"]
[EventRounds "11"]
[EventCountry "IND"]
[SourceTitle "CBM 195 Extra"]
[Source "ChessBase"]
[SourceDate "2020.05.31"]
[SourceVersion "1"]
[SourceVersionDate "2020.05.31"]
[SourceQuality "1"]

1. e4 e5 2. Nf3 Nc6 3. Bc4 Bc5 4. d3 Nf6 5. 0-0 d6 6. h3 h6 7. c3 0-0 8. a4 a5 9. Be3 Bxe3 10. fxe3 Ne7 11. Nbd2 c6 12. d4 Ng6 13. Bb3 Qe7 14. Qe2 Be6 15. Bc2 Nd7 16. Qf2 Rfb8 17. Bd3 Ndf8 18. Qg3 Qd8 19. Be2 Qb6 20. b3 Qc7 21. Rab1 b5 22. Nh4 Nxh4 23. Qxh4 bxa4 24. bxa4 Rxb1 25. Rxb1 Rb8 26. Qe1 Nd7 27. Rxb8+ Qxb8 28. Qa1 Nf8 29. Bd1 Qd8 30. Nf3 Qb6 31. Nd2 Nd7 32. Qb1 Qxb1 33. Nxb1 Nb6 34. Nd2 Kf8 35. Kf2 Ke7 36. Ke2 h5 37. Kd3 g6 38. h4 f6 39. c4 c5 40. d5 Bd7 41. Nb3 Bxa4 42. Kc3 Kd8 43. Bc2 Bxb3 44. Kxb3 Kc7 45. Bd3 Nc8 46. Ka4 Kb6 47. Be2 Ne7 48. Bd1 Ng8 49. Be2 0-1